logo

Bir Sreshtho Munshi Abdur Rouf Library
Jhenaidah Cadet College

বিষণ্নতা এবং উদ্বেগ : (Record no. 14133)

MARC details
000 -LEADER
fixed length control field 00954nam a2200241 a 4500
001 - CONTROL NUMBER
JCCL Control Number 14133
003 - CONTROL NUMBER IDENTIFIER
JCCL marc code BD-JhCC
005 - DATE AND TIME OF LATEST TRANSACTION
control field 20250106085726.0
008 - FIXED-LENGTH DATA ELEMENTS--GENERAL INFORMATION
fixed length control field 210831b2025 bg |||| ||a| 000 0 ben d
020 ## - INTERNATIONAL STANDARD BOOK NUMBER
International Standard Book Number 9789848801871
035 ## - SYSTEM CONTROL NUMBER
system control number (BD-JhCC)14133
040 ## - CATALOGING SOURCE
Original cataloging agency BD-JhCC
Modifying agency BD-JhCC
041 ## - LANGUAGE CODE
Language code of Book Bengali
082 ## - DEWEY DECIMAL CLASSIFICATION NUMBER
DDC Edition number 23
Classification number 158.1
Author mark and Year ALB 2024
100 ## - MAIN ENTRY--PERSONAL NAME
Personal name আল-বুতি, মুহাম্মদ সাঈদ রমজান
245 ## - TITLE STATEMENT
Title বিষণ্নতা এবং উদ্বেগ :
Remainder of title কারণ ও কুরআনি চিকিৎসা পদ্ধতি /
Statement of responsibility, etc মুহাম্মদ সাঈদ রমজান আল-বুতি,অনু:ইমদাদুল হক ।
260 ## - PUBLICATION, DISTRIBUTION, ETC. (IMPRINT)
Place of publication, distribution, etc ঢাকা:
Name of publisher, distributor, etc অবসর;
Date of publication, distribution, etc ২০২৫.
300 ## - PHYSICAL DESCRIPTION
Pagination 159 p. :
Dimensions 22 cm.
650 ## - SUBJECT ADDED ENTRY--TOPICAL TERM
Topical term or geographic name as entry element Self-improvement and motivation
Geographic subdivision Interpersonal relations
700 ## - ADDED ENTRY--PERSONAL NAME
Personal name হক,ইমদাদুল
942 ## - ADDED ENTRY ELEMENTS (KOHA)
Source of classification or shelving scheme Dewey Decimal Classification
Koha item type Books
Koha issues (borrowed), all copies 2
Holdings
Source of classification or shelving scheme Damaged status Not for loan Home library Current library Shelving location Date of accession Cost, normal purchase price Total Checkouts Full call number Barcode Checked out Date last seen Date checked out Copy number Method of acquisition Koha item type Currency
Dewey Decimal Classification     JCC Rouf Library JCC Rouf Library General Stacks   400.00 3 158.1 ALB 2024 19842 11/10/2025 10/15/2025 10/15/2025 C-1 Purchase Books BDT
Dewey Decimal Classification     JCC Rouf Library JCC Rouf Library General Stacks   400.00 1 158.1 ALB 2024 19843   11/13/2025 10/30/2025 C-2 Purchase Books BDT
Dewey Decimal Classification     JCC Rouf Library JCC Rouf Library General Stacks   400.00 2 158.1 ALB 2024 19844 11/24/2025 10/30/2025 10/30/2025 C-3 Purchase Books BDT
Dewey Decimal Classification     JCC Rouf Library JCC Rouf Library General Stacks   400.00   158.1 ALB 2024 19845   01/06/2025   C-4 Purchase Books BDT
Dewey Decimal Classification     JCC Rouf Library JCC Rouf Library General Stacks   400.00 1 158.1 ALB 2024 19846   12/23/2025 07/03/2025 C-5 Purchase Books BDT

JCC Library | Contacts | JCC Home

Last Update on 23 September 2017
Copyright @ 2017-2020 JCC Rouf Library
Rouf Library, Jhenidah Cadet College (JCC), Bangladesh